Liedtext Eiskönigin - Lass jetzt los - Statistiken

Allgemein
  • Dieses Quiz wurde 431 mal gespielt
    425 seit der letzten Aktualisierung
  • Das Durchschnittsergebnis liegt bei 212 aus 269
Antwortstatistiken
Antwort % Korrekt
ich
98%
ich!
98%
Ich
98%
Lass
98%
lass´
98%
lass
98%
los
97%
die
96%
Die
96%
jetzt
95%
ist
94%
Ein
92%
ein
92%
bin
91%
Der
91%
der
91%
sie
91%
Sie
91%
und
90%
Und
90%
zu
90%
auf
89%
mir
89%
von
88%
Teil
86%
in
85%
Nacht
85%
Kälte
84%
sehen
84%
wie
84%
Wie
84%
Das
83%
das
83%
nicht
83%
es
83%
Es
83%
Keine
83%
nicht
83%
Schnee
83%
Sturm
83%
Königin
82%
heut´
81%
nun
81%
Nun
81%
sehen
81%
so
81%
er
80%
grenzenlos
80%
Kraft
80%
du
79%
Du
79%
nie
79%
Königreich
78%
sind
78%
zieht
78%
Bergen
77%
spüre
77%
einsames
76%
frei!
75%
Frei
75%
frei
75%
glänzt
75%
Mich
75%
mich
75%
weiß
75%
Wind
75%
dem
73%
bist
72%
ganz
72%
rein!
72%
Spuren
72%
tief
72%
darf
71%
fühl
71%
Endlich
70%
endlich
70%
mehr
70%
geschehen
69%
heult
69%
Hier
69%
hier!
69%
hier
69%
nein
69%
niemals
69%
all
68%
an
68%
Türen
67%
dein
66%
schlag
66%
war
66%
hab
64%
wahres
64%
Zeit
64%
bereit
63%
geh
63%
schon
63%
alles
62%
ihnen
62%
zeig
62%
Was
61%
versucht
60%
vorbei
60%
neu
59%
scheint
59%
geboren
58%
klein
58%
ran
58%
kann
57%
kontrollieren
57%
zurück
57%
Eis
55%
Kommen
54%
Vergangenheit
54%
eigenartig
52%
Licht
52%
nichts
52%
waren
52%
Ängste
51%
darfst
51%
treibt
51%
voran
51%
bleibe
50%
fühlen
50%
Nur
50%
hellen
49%
Welt
49%
diese
48%
meine
48%
aus
47%
liegt
47%
machen
47%
soweit
47%
hinter
44%
Schönheit
43%
wird
43%
Gedanke
39%
wohl
39%
fließt
36%
ihr
36%
Seele
33%
Tränen
30%
Doch
27%
sieht
19%
Keine übereinstimmenden Quizze gefunden
Verteilung der Resultate
Anzahl Personen mit jedem Resultat
Perzentil nach korrekt beantworteten Fragen
Ihre Resultats-Entwicklung
Sie haben dieses Quiz seit der letzten Aktualisierung nicht gespielt